000 01317nam a22002177a 4500
005 20250903161817.0
010 _aHIN-130392 B-757718-732
020 _a9788171380190
_c795.00
035 _aB-757718-732
035 _aHN-102738
037 _bसामयिक प्रकाशन
037 _bDBAD
082 _a483.2
245 _aसामयिक प्रशासनिक कोश (अंग्रेजी-हिन्दी) /
_cसं.- गोपीनाथ श्रीवास्तव
260 _aनई दिल्ली
_bसामयिक प्रकाशन
_c2023
270 _a3320-21, जटवाडा, नेताजी सुभाषमार्ग, दरियागंज
_bनई दिल्ली
_e110002
300 _a384 पृ..
_c22सेमी (सजिल्द)
700 _aश्रीवास्तव, गोपीनाथ
_962362
942 _2ddc
_cHN
_h483.2
_mसामयि
999 _c200969
_d200969